000 01448cam a2200385 a 4500
001 48545
005 20230410115740.0
008 960404s1995 sp a b 001 0 spa
010 _a 96133724
035 _a(OCoLC)ocm34710986
040 _aDLC
_cDLC
_dPL#
_dI5B
020 _a8477771367
020 _a9788477771364
029 1 _aI5B
_b50658
035 _a(OCoLC)34710986
043 _ae-sp---
050 1 4 _aHJ 1249
_bA454c 1995
100 1 _aAlonso Olea, Eduardo J.
245 1 3 _aEl concierto económico, 1878-1937 :
_borígenes y formación de un derecho histórico /
_cEduardo J. Alonso Olea.
260 _aOñati :
_bIVAP,
_c1995.
300 _a454 p. :
_bill. ;
_c24 cm.
490 1 _aColección tesis doctorales
504 _aIncludes bibliographical references (p. 431-444) and index.
650 0 _aIntergovernmental fiscal relations
_zSpain
_zPaís Vasco
_xHistory.
650 0 _aIntergovernmental tax relations
_zSpain
_zPaís Vasco
_xHistory.
650 0 _aCentral-local government relations
_zSpain
_zPaís Vasco
_xHistory.
653 _aEconomía
_aLegislación
_aPaís Vasco (España).
710 2 _aInstituto Vasco de Administración Pública.
830 0 _aColección Tesis doctorales (Instituto Vasco de Administración Pública)
938 _aPuvill Libros
_bPUVL
_n8477771367
_c$25.76
938 _aIberbook International S.L.
_bIBER
_n50658
_cP3370
942 _2lcc
_cbk
946 _aclperez
994 _aC0
_bDRFGD
999 _c47237
_d47237